| 000 | 00501nam a22001697a 4500 | ||
|---|---|---|---|
| 003 | MACL | ||
| 005 | 20160301132431.0 | ||
| 008 | 160301b xxu||||| |||| 00| 0 eng d | ||
| 040 | _cMACL | ||
| 041 | _aHindi | ||
| 082 | _a891.431 | ||
| 100 |
_aदिवाकर रंगनाथ्ा _941579 |
||
| 245 | _aअन्तरात्मा से | ||
| 260 |
_aनइ दिल्ली _bराजकमल प्रकाशन |
||
| 650 |
_aLiterature _941580 |
||
| 942 |
_2ddc _cHIN |
||
| 999 |
_c53430 _d53430 |
||